[Event "Marienbad IM-I 2022"]
[Site "Marianske Lazne"]
[Date "2022.01.17"]
[Round "3.13"]
[White "Redzisz, Michal"]
[Black "Bracker, Arne"]
[Result "0-1"]
[WhiteElo "2261"]
[BlackElo "2268"]
[Annotator "TA"]
[PlyCount "68"]
[EventDate "2022.01.15"]
[EventType "tourn"]
[EventCountry "CZE"]
[SourceTitle "playchess.com"]
[Source "ChessBase"]
[SourceQuality "1"]

{[%evp 19,67,0,0,0,0,0,0,-19,-8,-31,-22,-23,-6,-44,-40,-109,-81,-93,-95,-103,-48,-67,-58,-132,-135,-114,-96,-112,-108,-292,-293,-297,-285,-366,-279,-257,-193,-223,-222,-1225,-1220,-1187,-1185,-1171,-1166,-29993,-29994,-29997,-29998,-29999]} 1. d4 Nf6 2. c4 e6 3. Nf3 d5 4. g3 Be7 5. Bg2 O-O 6. O-O dxc4 7. Ne5 Nc6 8. Nxc6 bxc6 9. Na3 Bxa3 10. bxa3 Ba6 11. Qd2 {E05: Open Catalan: 5 Nf3 Be7.} Qc8 12. a4 Rd8 {[%cal Oe6e5]} 13. Qa5 {The position is equal.} Rb8 {To avoid Rb1} 14. Qc5 {14.Rd1 gains popularity.} Nd5 {[#]} 15. Bg5 $146 ({Predecessor:} 15. e4 Nc3 16. Be3 Nxa4 17. Qh5 c3 18. Rfc1 Bd3 19. h4 Qa6 20. Qg4 Be2 21. Qf4 {0-1 (62) Zhao,J (2583)-Hou,Y (2639) Xinghua 2012}) 15... Rd6 16. Rfc1 {Inhibits Nc3.} h6 17. Bf4 (17. Bd2 $15) 17... Nxf4 $17 18. gxf4 Rb2 19. e3 {[#]} Qb7 ({Black should try} 19... e5 $1 $17 {aiming for ...Rg6.} 20. Qxe5 Rg6) 20. Be4 $15 {Inhibits Rg6+.} Qb6 $36 {[%mdl 2048] Strongly threatening ...Qxc5. Black has the initiative.} 21. Qa3 (21. Qe5 $1 $15) 21... f5 $17 22. Rab1 Rxb1 {Black is more active.} 23. Rxb1 Qa5 24. Bg2 {Loses the game.} (24. Bf3 $17 {was necessary.}) 24... c5 $19 25. dxc5 ({Much weaker is} 25. Qxc5 Qxc5 26. dxc5 Rd2 $19) 25... Rd3 26. Qb2 {And now Qb8+ would win.} Qxc5 27. Bf1 Rd8 28. Qc3 Qc6 {White must now prevent ...Qf3.} 29. Qb4 $2 (29. Be2) 29... c3 30. Bb5 {[#]} c2 $1 {[%mdl 512] ( -> ...Rd1+)} 31. Bxc6 Rd1+ 32. Rxd1 cxd1=Q+ {Black mates.} 33. Kg2 Bf1+ 34. Kg3 Qg4# {Weighted Error Value: White=0.63/Black=0.10 (very precise)} 0-1

[Event "Marienbad IM-I 2022"]
[Site "Marianske Lazne"]
[Date "2022.01.17"]
[Round "3.14"]
[White "Gnojek, Petr"]
[Black "Mantovani, Renzo"]
[Result "1-0"]
[WhiteElo "2257"]
[BlackElo "2272"]
[Annotator "TA"]
[PlyCount "84"]
[EventDate "2022.01.15"]
[EventType "tourn"]
[EventCountry "CZE"]
[SourceTitle "playchess.com"]
[Source "ChessBase"]
[SourceQuality "1"]

{[%evp 22,84,85,74,83,82,75,68,87,31,50,52,67,0,8,0,0,0,0,0,8,0,0,0,0,0,0,0,105,96,96,106,110,135,132,138,284,262,270,246,413,408,854,670,29971,29972,29973,29974,29971,29973,29975,29976,29976,29977,29974,29974,29974,29975,29975,29976,29976,29977,29976,29977,29973]} 1. d4 Nf6 2. c4 e6 3. Nc3 d5 4. Nf3 c5 5. cxd5 Nxd5 6. e4 Nxc3 7. bxc3 cxd4 8. cxd4 Bb4+ 9. Bd2 Qa5 10. Rb1 Bxd2+ 11. Qxd2 Qxd2+ 12. Kxd2 b6 {D41: Queen's Gambit Declined: Semi-Tarrasch with 5 cxd5.} 13. Bb5+ Bd7 14. Rhc1 {White is much more active.} Ke7 $1 {White is slightly better.} 15. a4 {[#]} (15. Bd3 $16) 15... f6 $146 ({Predecessor:} 15... Rc8 16. Ne5 Rxc1 17. Rxc1 Bxb5 18. axb5 f6 19. Nd3 Kd7 20. Nf4 g5 21. Nh5 f5 {1-0 (29) Varadi,B (2069)-Nemeti,K (1907) Balatonlelle 2012}) 16. Ke3 Rc8 17. d5 (17. Rxc8 $14 Bxc8 18. Rc1) 17... exd5 18. exd5 Rxc1 $1 19. Rxc1 Bxb5 20. axb5 $11 {[%mdl 4096] [#] Endgame Threatens to win with Rc8. KRN-KRN} Nd7 21. Nd4 Nc5 $1 22. Nf5+ Kf8 23. Ra1 g6 24. Nd6 a5 (24... Rd8 $11 {remains equal.} 25. Nc4 Rxd5) 25. bxa6 $1 $16 Rxa6 26. Rxa6 Nxa6 {KN-KN} 27. Kd4 Nc7 28. Kc4 {To avoid b5+} h5 {Loses the game.} (28... Ke7 $16 {was necessary.} 29. Nc8+ Kd7 30. Nxb6+ Kd6) 29. g3 $18 g5 30. h3 {[%cal Bh2h3,Bh3h4][%mdl 32]} g4 $2 {[#]} (30... Ke7 {was worth a try.} 31. Nc8+ Kd7 32. Nxb6+ Kd6) 31. h4 Na6 (31... f5 $142 32. Nxf5 Kf7) 32. Kb5 Nc5 33. Kxb6 {White mates.} Nd3 34. Nf5 Ke8 35. Kc7 Nc5 36. d6 Ne6+ 37. Kc8 Nc5 38. Ng7+ Kf7 39. Nxh5 Ke6 40. Kc7 Na6+ 41. Kb6 Nb4 42. Kb5 Nd3 {Weighted Error Value: White=0.11 (very precise) /Black=0.35} 1-0

[Event "Marienbad IM-I 2022"]
[Site "Marianske Lazne"]
[Date "2022.01.17"]
[Round "3.15"]
[White "Frank, Adam"]
[Black "Jurek, Josef"]
[Result "1/2-1/2"]
[WhiteElo "2339"]
[BlackElo "2207"]
[Annotator "TA"]
[PlyCount "107"]
[EventDate "2022.01.15"]
[EventType "tourn"]
[EventCountry "CZE"]
[SourceTitle "playchess.com"]
[Source "ChessBase"]
[SourceQuality "1"]

{[%evp 26,107,30,16,9,9,8,4,16,0,0,0,0,0,0,0,0,-2,0,-6,-8,-26,-11,-22,-2,-15,0,-19,-15,-25,-10,-18,0,0,0,-8,0,0,0,0,0,0,0,0,0,0,0,0,0,0,0,0,0,0,0,0,0,0,0,0,0,0,0,0,0,0,0,0,0,0,0,0,0,0,0,0,0,0,0,0,0,0,0,0]} 1. e4 c6 2. d4 d5 3. Nd2 {[%cal Bb1d2,Bd2e4,Be4g5][%mdl 32]} dxe4 4. Nxe4 Nd7 5. Ng5 Ngf6 6. Bd3 e6 7. N1f3 Bd6 8. Qe2 h6 9. Ne4 Nxe4 10. Qxe4 Nf6 11. Qe2 Qc7 12. Bd2 b6 13. O-O-O Bb7 14. Ne5 c5 {B17: Caro-Kann: Modern Line (4...Nd7).} 15. Bb5+ Ke7 {[#]} 16. dxc5 $1 Qxc5 (16... Bxe5 17. cxb6 Qc5 {[#]} 18. Qxe5 $3 $18 {[%mdl 512]}) 17. Rhe1 {[%cal Od2b4]} Be4 {[%csl Ge4][%cal Rc5c2]} 18. Bd3 {Nxf7 is the strong threat.} Qxe5 19. Bxe4 Qxe4 (19... Ba3 $5 20. c3 Qxe4 21. Qxe4 Nxe4 22. Rxe4 Bc5 $11) 20. Qxe4 Nxe4 21. Rxe4 Rhd8 (21... Bxh2 $2 22. g3 $16) 22. Bc3 {[#]} g5 $146 ({Predecessor:} 22... g6 23. Bd2 h5 24. h3 Rac8 25. Ra4 Rd7 26. Rd4 Rcd8 27. Be3 f6 28. R4d3 g5 {½-½ (67) Wafa,S (1911)-Thorsteinsdottir,H (1957) Istanbul 2012}) 23. Ree1 Bc5 ({Don't play} 23... Bxh2 24. g3 $16) 24. f3 Bf2 25. Rf1 Bc5 26. a4 Rac8 27. Kb1 Bd6 28. Ka2 {The position is equal.} a6 29. Kb3 Bc5 30. Rh1 Rxd1 31. Rxd1 $11 {[%mdl 4096] Endgame KRB-KRB} h5 32. h3 Rg8 33. g4 f6 34. Bb4 Bxb4 35. Kxb4 hxg4 36. hxg4 {KR-KR} Rc8 37. c4 Rc5 38. Kc3 a5 39. Rh1 Re5 {White must now prevent ...Re3+.} 40. Kd4 {Inhibits Re3.} Re2 41. c5 bxc5+ 42. Kxc5 Rc2+ 43. Kb5 {Threatens to win with Rb1.} Rxb2+ 44. Kxa5 Rb3 45. Rf1 Kd6 46. Ka6 Ke5 47. a5 Kf4 48. Ka7 $1 Kg3 49. a6 Kg2 50. Re1 e5 51. Ka8 Kxf3 52. a7 Kxg4 53. Rg1+ Kf5 {And now ...Ra3 would win.} 54. Rxg5+ {An even fight not without its subleties.  Weighted Error Value: White=0.04 (flawless) /Black=0.03 (flawless)} 1/2-1/2

[Event "Marienbad IM-I 2022"]
[Site "Marianske Lazne"]
[Date "2022.01.18"]
[Round "4.11"]
[White "Matras, Ondrej"]
[Black "Jurek, Josef"]
[Result "1-0"]
[WhiteElo "2223"]
[BlackElo "2207"]
[Annotator "TA"]
[PlyCount "71"]
[EventDate "2022.01.15"]
[EventType "tourn"]
[EventCountry "CZE"]
[SourceTitle "playchess.com"]
[Source "ChessBase"]
[SourceQuality "1"]

{[%evp 14,71,11,10,18,24,34,10,9,-5,0,-12,26,0,25,21,18,8,20,22,23,-47,41,45,60,63,84,62,86,71,79,61,66,63,65,4,21,0,81,81,200,205,187,211,188,110,106,109,158,127,122,129,460,460,583,560,743,732,29998,29999]} 1. d4 Nf6 2. c4 e6 3. Nc3 Bb4 4. Qc2 b6 5. a3 Bxc3+ 6. Qxc3 Bb7 7. Bg5 h6 8. Bh4 d6 {E32: Nimzo-Indian: Classical (4 Qc2): 4...0-0.} 9. f3 Nbd7 10. e3 Rc8 {The position is equal.} 11. b4 O-O 12. Bd3 c5 13. dxc5 bxc5 14. b5 d5 {[%cal Od5d4]} 15. Ne2 {Inhibits d4.} Ne4 16. Bxd8 Nxc3 {[#]} 17. Ba5 $146 {[#]} (17. Be7 $11 Rfe8 18. Nxc3 Rxe7 19. Kf2) ({Predecessor:} 17. Bh4 Na4 18. cxd5 Bxd5 19. Bc2 Ndb6 20. Rc1 f6 21. e4 Ba2 22. Bxa4 Nxa4 23. Nc3 Nxc3 24. Rxc3 {½-½ (53) Beck,H (2300)-Reichmann,E (2265) Austria 1995}) 17... Nxe2 (17... Ne5 $1 $15 18. Nf4 Nxd3+ 19. Nxd3 {[#]} dxc4 $1 20. Bxc3 cxd3) 18. Bxe2 $14 {A strong pair of Bishops.} Nb6 19. cxd5 exd5 20. Kf2 Rfe8 21. Rhc1 Nd7 22. Rc2 Re6 23. Bd3 g6 {To avoid Bf5} 24. Rac1 {White is more active.} (24. Bf1 $14) 24... c4 25. Bf1 {[%cal Oe3e4]} (25. e4 $5 {[%cal Re4d5]}) 25... Rce8 (25... f5 $11 {remains equal.}) 26. e4 $1 $16 Nc5 (26... dxe4 $16 27. Rxc4 (27. Bxc4 Rf6 $11) 27... e3+ 28. Kg1 e2) 27. exd5 $18 Bxd5 28. Rd1 {To avoid Nd3+} ({Worse is} 28. Bxc4 Bxc4 29. Rxc4 Nd3+ 30. Kg3 Nxc1 31. Rxc1 Re5 $17) 28... Re5 {[%cal Oc5d3]} 29. Bxc4 (29. Bc7 $18 Rf5 30. Bxc4 Bxc4 31. Rxc4) 29... Bxc4 $16 30. Rxc4 {Strongly threatening Bc3.} Nb7 (30... Nb3 $142) 31. Bc3 Rxb5 32. Rd7 Nc5 $2 {[%mdl 8192] This costs Black the game.} (32... Rc5 $16 {is tougher.} 33. Rxc5 Nxc5 34. Rxa7 g5) 33. Rd5 $18 Rc8 34. a4 Ne4+ 35. fxe4 Rxc4 36. Rd8+ {Weighted Error Value: White=0.17 (very precise) /Black=0.73} 1-0

[Event "Marienbad IM-I 2022"]
[Site "Marianske Lazne"]
[Date "2022.01.18"]
[Round "4.12"]
[White "Mantovani, Renzo"]
[Black "Frank, Adam"]
[Result "1/2-1/2"]
[WhiteElo "2272"]
[BlackElo "2339"]
[Annotator "TA"]
[PlyCount "46"]
[EventDate "2022.01.15"]
[EventType "tourn"]
[EventCountry "CZE"]
[SourceTitle "playchess.com"]
[Source "ChessBase"]
[SourceQuality "1"]

{[%evp 9,46,37,131,104,111,29,12,28,12,12,23,15,20,15,21,0,0,6,18,-13,-2,-30,-13,-8,-9,-29,-29,-19,-12,-30,0,0,0,-6,15,11,27,10,16]} 1. e4 Nf6 2. Nc3 d6 3. d4 Nbd7 4. f4 {[%cal Bf2f4,Bf4e5][%mdl 32]} e5 5. Nf3 Be7 (5... exd4 $14 6. Qxd4 c6) 6. dxe5 $16 {White is more active. B07: Pirc Defence: Miscellaneous Systems.} dxe5 7. Nxe5 ({White should try} 7. fxe5 $16 Ng4 8. Bf4) 7... Nxe5 $11 8. Qxd8+ Bxd8 9. fxe5 Nd7 10. Bf4 c6 {Prevents Nb5.} 11. Bc4 {[#]} Nc5 $146 {Inhibits e6.} ({Predecessor:} 11... Nb6 12. Bb3 Be6 13. Bxe6 fxe6 14. O-O-O O-O 15. Ne2 Bc7 16. b3 Rad8 17. Bg3 h6 {1-0 (41) Pavlidis,A (2383)-Moshovakis,A (2050) Heraklion 2017}) 12. Rf1 {[%cal Oc4f7] Hoping for Bxf7+!} Be6 13. Bxe6 Nxe6 14. Bg3 h5 {[%cal Bh7h5,Bh5h4][%mdl 1056] Black has compensation.} 15. h3 h4 16. Bh2 Rh6 17. Rd1 Rg6 18. Rf2 $1 Bb6 19. Re2 Rd8 20. Rxd8+ Kxd8 21. Nd1 Ke7 22. Kf1 Nd4 23. Rd2 Ne6 {White got outplayed after the opening.  Weighted Error Value: White=0.17 (very precise) /Black=0.15 (very precise)} 1/2-1/2

[Event "Marienbad IM-I 2022"]
[Site "Marianske Lazne"]
[Date "2022.01.18"]
[Round "4.13"]
[White "Bracker, Arne"]
[Black "Gnojek, Petr"]
[Result "1/2-1/2"]
[WhiteElo "2268"]
[BlackElo "2257"]
[Annotator "TA"]
[PlyCount "148"]
[EventDate "2022.01.15"]
[EventType "tourn"]
[EventCountry "CZE"]
[SourceTitle "playchess.com"]
[Source "ChessBase"]
[SourceQuality "1"]

{[%evp 15,148,46,46,55,35,40,50,30,72,31,41,51,57,52,97,53,69,87,90,81,110,105,351,274,304,172,428,431,438,304,367,387,539,287,606,610,636,641,634,658,650,645,625,627,838,487,465,421,508,250,639,279,265,271,253,247,299,299,291,291,474,372,402,371,442,440,416,347,1743,608,555,402,612,502,526,531,539,528,520,531,536,516,560,526,493,382,475,516,474,381,1352,1476,1531,1451,1188,1278,649,29954,29953,29947,2762,63,61,70,90,8,8,8,8,8,8,8,8,0,0,0,0,0,0,0,0,0,0,0,0,0,0,0,0,0,0,0,8,8,8]} 1. e4 c5 2. Nf3 e6 3. d4 cxd4 4. Nxd4 Nf6 5. Nc3 d6 6. g4 h6 7. Rg1 Nc6 8. Be3 a6 {8...Be7 might become the main line.} 9. h4 {B81: Sicilian Scheveningen: Keres Attack.} h5 10. gxh5 Nxh5 11. Bg5 {White is slightly better. is the legacy move (11.Qd2).} Nf6 (11... Qb6 $11 12. Nb3 (12. Nxc6 bxc6 13. b3 d5 $11) 12... Nf6) 12. Qd2 (12. Nxc6 $16 bxc6 13. Qf3) 12... Qb6 {[%csl LRb2,LRd4]} 13. Nb3 Bd7 14. O-O-O O-O-O (14... Ne5 $14) 15. Kb1 ({Better is} 15. Be3 $16 Qc7 16. f4) 15... Kb8 {[#]} 16. Be3 $146 ({Predecessor:} 16. a3 Rc8 17. Be3 Qc7 18. f3 Be8 19. Qf2 Nd7 20. Na4 g6 21. Nb6 Nxb6 22. Bxb6 {0-1 (54) Lindberg,B (2265)-Kuligowski,A (2415) Hamburg 1984}) 16... Qc7 17. f4 $36 {[%mdl 2048] Inhibits Ne5. Black is under strong pressure.} Rc8 18. Qf2 {[#] Threatens to win with Bb6. White is more active.} b5 $2 (18... Ka8 $16 {is a better defense.}) 19. a3 Ka8 20. Rg5 (20. e5 $142) 20... Rh5 $2 (20... e5) 21. Be2 $18 {[%cal Bf1e2,Be2f3,Bf3c6][%mdl 32]} Rxg5 22. hxg5 Ne8 23. Bf3 Qb8 24. Nc5 dxc5 (24... Qc7) 25. Rxd7 {Strongly threatening e5.} Rc7 {[#]} 26. e5 $1 {[%mdl 512] And now Bxc6+ would win.} Rxd7 (26... Kb7 27. Rd1) 27. Bxc6+ {A strong pair of Bishops.} Rb7 28. Bxc5 Bxc5 29. Qxc5 Qd8 30. Ne4 Kb8 31. Bxb7 Kxb7 32. b3 (32. b4 $142) 32... g6 $2 (32... Qd1+ 33. Kb2 Qd5) 33. Ka2 (33. Nd6+ $142 Nxd6 34. exd6 (34. Qxd6 Qxd6 35. exd6 Kc6 $11)) 33... Qc7 34. Qf2 {Hoping for Nc5+.} Qc6 35. Qe2 Qd5 36. Qe3 {To avoid Qd4} Qc6 37. Kb2 Kb8 $2 (37... Kc8 38. Qd4 a5) 38. Qd4 {Qd8+ is the strong threat.} Kc8 39. b4 Kb7 40. Kb3 Kc8 41. Qc5 Kc7 (41... Qxc5 42. Nxc5 Nc7) 42. Qe7+ (42. Nd6 $142 Nxd6 43. exd6+ Kd7 44. Qxc6+ Kxc6 45. c4 Kxd6 46. a4) 42... Kb6 43. Qd8+ Ka7 (43... Nc7 $142) 44. Qd4+ Kb8 45. Nd6 {aiming for Nxe8.} Nc7 46. Kb2 Nd5 47. Nxf7 Qc7 48. Nd6 Qc6 49. Kb3 Nb6 50. Qe4 {To avoid Qf3+} ({Less strong is} 50. Qc5 Qxc5 51. bxc5 Nd5 $16) 50... Qd5+ 51. Qxd5 Nxd5 {[%mdl 4096] Endgame KN-KN} 52. a4 bxa4+ (52... Nxf4 53. axb5 axb5 54. Nxb5 Nh3) 53. Kxa4 Nxf4 54. Ka5 Ka7 55. Ne4 Nh3 56. c4 (56. c3 $18 Ng1 57. Nc5) 56... Ng1 57. Nc5 {[%csl LRa6,LRe6]} Nf3 58. Nxe6 $2 (58. b5 $18 axb5 59. cxb5) 58... Nxe5 $14 59. c5 Kb7 $1 60. b5 (60. Nf8 $16) 60... Nc4+ $1 $11 {The position is equal.} 61. Kb4 axb5 62. Kxb5 Ne5 {Inhibits c6+.} 63. Nd4 {Inhibits Nc6. c6+ would kill now.} Kc7 64. c6 Kd6 65. Kb6 {White wants to mate with Nb5+.} Nc4+ 66. Ka6 Kc7 67. Kb5 Nd6+ 68. Kc5 {White threatens Ne6+ and mate.} Ne4+ 69. Kd5 Nxg5 70. Nb5+ Kc8 71. Kd6 Nf7+ 72. Ke7 Ne5 73. Kd6 {Threatening mate with Na7+.} Nxc6 74. Kxc6 g5 {Black defended with fortune.  Weighted Error Value: White=0.69/Black=0.58} 1/2-1/2

[Event "Marienbad IM-I 2022"]
[Site "Marianske Lazne"]
[Date "2022.01.18"]
[Round "4.14"]
[White "Smolik, Jachym"]
[Black "Redzisz, Michal"]
[Result "1/2-1/2"]
[WhiteElo "2244"]
[BlackElo "2261"]
[Annotator "TA"]
[PlyCount "106"]
[EventDate "2022.01.15"]
[EventType "tourn"]
[EventCountry "CZE"]
[SourceTitle "playchess.com"]
[Source "ChessBase"]
[SourceQuality "1"]

{[%evp 15,106,8,10,8,12,8,20,16,11,7,19,0,0,-8,0,0,3,2,7,6,15,15,18,16,17,0,0,-3,0,0,30,33,30,14,44,15,14,0,0,0,24,24,38,33,35,0,24,8,40,0,0,0,0,0,9,0,0,0,0,0,0,0,0,0,10,10,9,10,12,6,14,14,16,14,17,17,17,8,8,10,19,18,20,19,20,18,20,0,0,0,0,0,0]} 1. d4 Nf6 2. c4 e6 3. Nf3 d5 4. Nc3 Be7 5. Bf4 O-O 6. e3 Nbd7 7. c5 c6 8. Bd3 {8.h3 gains popularity.} b6 9. b4 {D37: Queen's Gambit Declined: 5 Bf4.} a5 10. a3 {[%cal Ba2a3,Ba3b4,Bb4c5][%mdl 32]} Ba6 {[#] Threatens to win with ...Bxd3.} 11. Bxa6 Rxa6 12. O-O Qc8 {[#]} 13. Nd2 $146 ({Predecessor:} 13. h3 Qb7 14. Rb1 axb4 15. axb4 Rfa8 16. b5 Ra5 17. bxc6 Qxc6 18. Ne5 Nxe5 19. Rxb6 {½-½ (53) Sjugirov,S (2674)-Molchanov,A (2405) Chess.com INT 2020}) 13... Qb7 14. Rb1 axb4 15. axb4 Rfa8 16. Qe2 Ra3 17. Rfc1 bxc5 18. bxc5 Qa7 19. h3 Bd8 20. Rb3 Ra1 21. Qd1 Rxc1 22. Qxc1 Bc7 23. Bxc7 Qxc7 24. Qb2 Ra7 25. f4 h5 26. Nf3 g6 27. Ne5 Nxe5 28. fxe5 ({Stronger than} 28. dxe5 Nd7 29. g4 hxg4 30. hxg4 Qa5 $17) 28... Nd7 29. Ne2 Qa5 30. Qc3 {Prevents Qe1+.} Qa6 31. Nf4 Rb7 32. Qd3 Qa1+ {The position is equal.} 33. Kh2 Rxb3 34. Qxb3 Qe1 35. Qd3 Kg7 36. g3 Qf2+ 37. Ng2 Qa2 {Inhibits Qa6.} 38. Qf1 Kg8 39. Qf4 Qe2 40. Qg5 {[#] And now Qd8+ would win.} Nf8 41. Qd8 {Black must now prevent Qb6.} Qb5 42. Qb6 {Strongly threatening Qxb5.} Qa4 43. Qb1 Kg7 44. Kg1 Nh7 45. h4 {Prevents Ng5.} Nf8 46. Nf4 Qa5 47. Qd1 Qa3 48. Qe2 Nd7 49. Qf2 Qa1+ 50. Kh2 Qb1 51. Nh3 f6 52. Qf4 fxe5 53. Qg5 Qc2+ {Weighted Error Value: White=0.06 (flawless) /Black=0.05 (flawless)} 1/2-1/2

[Event "Marienbad IM-I 2022"]
[Site "Marianske Lazne"]
[Date "2022.01.18"]
[Round "4.15"]
[White "Ricken, Katharina"]
[Black "Plischki, Sebastian"]
[Result "0-1"]
[WhiteElo "2004"]
[BlackElo "2375"]
[Annotator "TA"]
[PlyCount "246"]
[EventDate "2022.01.15"]
[EventType "tourn"]
[EventCountry "CZE"]
[SourceTitle "playchess.com"]
[Source "ChessBase"]
[SourceQuality "1"]

{[%evp 9,246,12,27,16,16,0,0,9,0,0,23,0,10,0,0,0,0,-22,-30,-26,0,0,0,0,0,-9,0,0,0,0,0,0,0,0,0,0,0,0,0,0,0,0,11,0,0,0,0,-16,-15,-10,-15,-15,-15,-15,-15,-15,-15,-21,-15,-15,-15,-15,-15,-15,-15,-16,-16,-16,-16,-16,-16,-16,-16,-34,-16,-16,-16,-34,-8,-34,-8,-8,-8,-34,-8,-8,-8,-8,-8,-8,-8,-8,-8,-8,-15,-15,-8,-80,-80,-80,-80,-80,-80,-80,-8,-8,-8,-8,-8,-8,-8,-64,-14,-54,-54,-224,-162,-162,-162,-265,-250,-909,-878,-29946,-29947,-29947,-29948,-29949,-29949,-29948,-29950,-29950,-29951,-29951,-29949,-29949,-29949,-29952,-29954,-29952,-29951,-29951,-29952,-29953,-29954,-29954,-29956,-29957,-29957,-29958,-29958,-29957,-29955,-29955,-29954,-29955,-29951,-29942,-29946,-29973,-29973,-29980,-29976,-29974,-29975,-29975,-29976,-29976,-29977,-29977,-29976,-29980,-29981,-29981,-29982,-29982,-29983,-29983,-29969,-29979,-4137,-29980,-29980,-29980,-29978,-29978,-29979,-29977,-29978,-29978,-29976,-29976,-29977,-29976,-29978,-29978,-29979,-29980,-29979,-29979,-29980,-29980,-29981,-29981,-4133,-29982,-29975,-29983,-29984,-29984,-29985,-29985,-29986,-29989,-29990,-29990,-29991,-29991,-29992,-29992,-4133,-4133,0,-29992,-29992,-29992,-4145,-29993,-29994,-29994,-29995,-29995,-29996,-29996,-29997,-29997,-29998,-29998,-29999]} 1. Nf3 {[%cal Bg1f3,Bf3d2,Bd2b3][%mdl 32]} d6 2. d4 g6 3. g3 Bg7 4. Bg2 c5 5. dxc5 Qa5+ $1 6. Nfd2 {[#] aiming for cxd6. A41: 1 d4 d6: Tartakower System and Modern Defence.} Qxc5 {[#]} 7. O-O $146 ({Predecessor:} 7. Ne4 Qc7 8. Nbc3 Qd8 9. O-O Nc6 10. Nd5 Nh6 11. c3 O-O 12. Qb3 Nf5 13. Rd1 Na5 14. Qb4 Nc6 15. Qb3 Na5 16. Qb4 Nc6 {½-½ (16) Espinosa Aranda,A (2488)-Kadric,D (2562) Evora 2019}) 7... Nf6 8. Nc3 {The position is equal.} O-O 9. Nb3 Qc7 10. Bg5 Nbd7 11. e4 a6 12. a4 Rb8 13. a5 Re8 14. Qe2 h6 15. Be3 b5 16. axb6 Nxb6 17. Na5 {[%cal Oe4e5]} Be6 18. Rfb1 (18. Qxa6 Nc4 19. Qa7 Qxa7 20. Bxa7 Rxb2 21. Nxc4 Bxc4 $15) 18... Ng4 19. Bxb6 Rxb6 20. Nd5 Bxd5 21. exd5 Rxb2 22. Rxb2 Bxb2 23. Ra2 {[%cal Ba1a2,Ba2a7,Ba7b7][%mdl 32]} h5 {Strongly threatening ...Bd4.} 24. Nc6 {To avoid Bd4} Bg7 25. Qxa6 e5 {[%cal Be7e5,Be5e4][%mdl 32]} 26. Qb5 Qc8 27. Ra7 {And now Ne7+ would win.} Bf8 {Prevents Ne7+.} 28. Bh3 {Hoping for f3.} e4 {Black wants to play ...Qf5.} 29. Qb7 Qxb7 30. Rxb7 Nf6 31. c4 e3 32. fxe3 Bh6 33. Rb8 Bxe3+ 34. Kg2 Rxb8 35. Nxb8 $11 {[%mdl 4096] Endgame KBN-KBN} Kg7 36. Kf3 Bg1 37. Kg2 Bc5 38. Kf3 Nh7 39. Bf1 f5 40. h4 Nf6 41. Bd3 Ba3 42. Nc6 Nd7 43. Bc2 Kf6 44. Bd3 Bb2 45. Bc2 Bc3 46. Bb1 Be1 47. Bc2 Nc5 48. Nd4 Bc3 49. Ne2 Be5 50. Ke3 Bb2 51. Kf3 Nd7 52. Bb3 Ne5+ 53. Kf4 (53. Ke3 $11 {remains equal.}) 53... Ba3 $17 54. Ke3 Bc5+ 55. Kf4 Bb4 {[%cal Rb4d2] Black is more active.} 56. Ke3 {Inhibits Bd2+.} g5 ({Better is} 56... Be1 $17) 57. hxg5+ $11 Kxg5 {White should prevent ...Bc5+.} 58. Kf2 $1 Bc5+ 59. Kg2 Be3 60. Ba2 (60. Ng1 $11) 60... h4 (60... Kg4 $15) 61. gxh4+ Kxh4 {...f4 is the strong threat.} 62. Bb1 $2 {Black converts the advantage convincingly.} (62. Ng1 $15) 62... Kg4 (62... Nxc4 63. Kf3 Bb6 64. Bxf5 $11) 63. Ng3 f4 ({Not} 63... Nxc4 64. Bxf5+ (64. Nxf5 Bc5 $11) 64... Kf4 65. Be6 $11) 64. Nf5 {[#]} (64. Nf1 {was called for.}) 64... f3+ $1 $19 ({And not} 64... Nxc4 65. Nh6+ Kh4 66. Nf5+ Kg5 67. Bd3 $17) 65. Kf1 $2 (65. Kh2 Bc5 66. Ng7) 65... Nxc4 {( -> ...Nd2+)} 66. Bd3 Nd2+ 67. Ke1 f2+ 68. Kd1 f1=Q+ 69. Bxf1 Kxf5 ({Stronger than} 69... Nxf1 70. Nxd6 Bh6 71. Nf7 $11) 70. Bg2 Ke5 71. Ke2 Bg5 72. Kd3 Bh6 73. Bh1 Nf1 74. Bf3 Ng3 75. Bg2 Nf5 76. Bf3 Ne3 77. Be4 Nxd5 78. Bf3 Bg5 79. Bh1 Bd8 80. Bf3 Bb6 81. Bh1 Bf2 82. Bf3 Nb6 83. Bg2 d5 84. Bxd5 Nxd5 85. Kc4 Ke4 86. Kb5 Kd4 87. Kc6 Bg3 88. Kb5 Bf4 89. Kc6 Nc3 90. Kd7 Kd5 91. Ke7 Ne4 92. Kd7 Bd6 93. Kd8 Ke6 94. Kc8 Nc5 95. Kd8 Bb8 96. Kc8 Ba7 97. Kc7 Kd5 98. Kd8 Kd6 99. Kc8 Nd7 100. Kb7 Be3 101. Ka8 Nc5 {[%cal Bd7c5,Bc5a6,Ba6c7,Bc7d5,Bd5e7,Be7f5][%mdl 32]} 102. Kb8 Kc6 103. Ka8 Bd4 104. Kb8 Na6+ 105. Ka8 Nc7+ 106. Kb8 Bc5 107. Kc8 Ba7 108. Kd8 Nd5 109. Ke8 Kd6 110. Kf7 Ne7 111. Ke8 Ke6 112. Kf8 Nf5 113. Ke8 Bb6 {[%cal Ba7b6,Bb6c7,Bc7d6,Bd6c5][%mdl 32]} 114. Kf8 Kf6 (114... Bc5+ $142 115. Ke8 Nd6+ 116. Kf8 Kf6 117. Kg8 Nf5 118. Kh7 Kf7 119. Kh8 Kg6 120. Kg8 Nh6+ 121. Kh8 Bd4#) 115. Ke8 Ke6 116. Kf8 {Inhibits Ng7.} Bc7 117. Ke8 Ng7+ 118. Kf8 Kf6 {Black mates.} 119. Kg8 Kg6 120. Kf8 Bd6+ 121. Kg8 Nf5 122. Kh8 Bc5 123. Kg8 Nh6+ {Weighted Error Value: White=0.08 (flawless) /Black=0.06 (flawless)} 0-1